00635 a2200133 4500003000500000005001700005040000900022082001400031245002500045260003300070300001200103505036800115650001800483NUST20230120181951.0 cNust a745.5,USE aUseful Handicrafts / aLeicesterbDryad Handicrafts a9,9 p.; a31 Glove Marking (Page-1-1), 43 Stool Seating (Page-2-1), 83 Spinning Wool (Page-3-1), 85 Rug Weaving (Page-4-1), 91 Hand-Weaving on Two-way Looms (Page-5-1), 92 Netting (Page-6-1), 112 Rush Baskets and Mats (Page-7-1), 114 Slippers from Felt or Suede (Page-8-1), 123 Doll Making (Page-9-1), 125 Three Canework Borders (Page-10-1), 127 Cord Knotting (Page-11-1).  a Handicrafts